Länder aus zwei Wörtern nach Hauptstädten - Sudden Death - Statistiken

Allgemein
  • Dieses Quiz wurde 320 mal gespielt
    145 seit der letzten Aktualisierung
  • Das Durchschnittsergebnis liegt bei 7 aus 12
Answers on the Grid
Answers color-coded by a green-red scale on the quiz's grid according to % correct below.
Kinshasa
Port-of-Spain
Basseterre
Palikir
Brazzaville
Sarajevo
Sao Tome
Washington D. C.
Freetown
Riad
Abu Dhabi
Libreville
Bangui
Dushanbe
Bratislava
Bandar Seri Begawan
Asuncion
Wien
Jerewan
Bridgetown
 
Antwortstatistiken
Antwort % Korrekt
Washington D. C.
87%
Abu Dhabi
81%
Sao Tome
71%
Riad
69%
Port-of-Spain
60%
Sarajevo
59%
Brazzaville
53%
Kinshasa
53%
Freetown
44%
Basseterre
33%
Bangui
27%
Palikir
27%
Keine übereinstimmenden Quizze gefunden
Verteilung der Resultate
Anzahl Personen mit jedem Resultat
Perzentil nach korrekt beantworteten Fragen
Ihre Resultats-Entwicklung
Sie haben dieses Quiz seit der letzten Aktualisierung nicht gespielt